| 000 | 00446nam a2200169Ia 4500 | ||
|---|---|---|---|
| 008 | 230711s9999||||xx |||||||||||||| ||und|| | ||
| 020 | _a978-93-83098-16-3 | ||
| 041 | _aENG | ||
| 082 |
_a720 _bSH-H |
||
| 100 | _aShankar, Pratyush | ||
| 245 | 0 | _aHimalayan Cities: Settlement Patterns, Public Places and Architecture | |
| 250 | _a1st Ed. | ||
| 260 |
_c2014 _aNew Delhi _bNiyogi Books |
||
| 300 | _a216p. | ||
| 650 | _aArchitecture | ||
| 942 | _cBK | ||
| 999 |
_c6874 _d6874 |
||